Proyecto de ley de igualdad real de la mujer /
El documento consiste en un proyecto para la igualdad de la mujer, en miras a la democracia, es decir en lograr la igualdad del papel de ambos géneros en aspectos políticos y sociales.
Tallennettuna:
| Yhteisötekijä: | |
|---|---|
| Aineistotyyppi: | Teksti |
| Kieli: | Spanish |
| Julkaistu: |
San José:
Ministerio de Cultura, Juventud y Deportes
1988
|
| Aiheet: | |
| Tagit: |
Lisää tagi
Ei tageja, Lisää ensimmäinen tagi!
|
MARC
| LEADER | 00000 a a2200000 04500 | ||
|---|---|---|---|
| 001 | 23736 | ||
| 003 | cru CIDCACS/IIS | ||
| 005 | 20230630105516.0 | ||
| 008 | e1988 cr ||||| |||| 00| 0 spa d | ||
| 040 | |c cru CIDCACS/IIS | ||
| 090 | |a 04.02.03 C837p | ||
| 110 | |a Costa Rica. Ministerio de Cultura, Juventud y Deportes. Centro Nacional para el Desarrollo de la Mujer y la Familia | ||
| 245 | |a Proyecto de ley de igualdad real de la mujer / |c Costa Rica. Ministerio de Cultura, Juventud y Deportes. Centro Nacional para el Desarrollo de la Mujer y la Familia | ||
| 260 | |a San José: |b Ministerio de Cultura, Juventud y Deportes |c 1988 | ||
| 300 | |a 11 páginas | ||
| 520 | |a El documento consiste en un proyecto para la igualdad de la mujer, en miras a la democracia, es decir en lograr la igualdad del papel de ambos géneros en aspectos políticos y sociales. | ||
| 650 | 0 | |9 88 |a MUJERES | |
| 650 | 0 | |9 4611 |a IGUALDAD DE GENERO | |
| 650 | 0 | |9 3691 |a POLITICA | |
| 650 | 0 | |9 83 |a DEMOCRACIA | |
| 651 | 0 | |9 32 |a COSTA RICA | |
| 942 | |2 ddc |c LI |h 04.02.03 C837p |i 18362 |6 040203_C837P_18362 | ||
| 999 | |c 2110 |d 2110 | ||
